| 000 | 01407nam a2200301 a 4500 | ||
|---|---|---|---|
| 003 | OSt | ||
| 005 | 20201106132709.0 | ||
| 008 | 181213s2002 000 spa d | ||
| 020 | _a9993402540 | ||
| 040 |
_aDO-SdBNP _bspa _cBNPHU |
||
| 082 |
_aBNPHU PD 344.7293 _bR311j |
||
| 245 | 0 |
_aRecopilación jurisprudencial integrada de las desiciones de la Suprema Corte de Justicia de la República Dominicana : _b materia, avance jurisprudencial / _cL. Almanzor González Canahuate , compilador . |
|
| 260 |
_aSanto Domingo : _c2002. _b[ s.n.] , |
||
| 300 |
_aV.10, t.5 ; _c23.60 cms. |
||
| 500 | _aTreinta y uno (31) años (enero- 1970, diciembre-2000) .- | ||
| 500 | _aMateria : procedimiento civil, comercial y laboral .- | ||
| 500 | _aAvance jurisprudencial : (prescripción, procedimiento, prueba, reapertura de debates. | ||
| 501 | _a93.P. prescripción : No. 1. Prescripción adquisitiva. | ||
| 501 | _aNo. 2 Prescripción. prescripción de la acción en responsabilidad civil fundada en un hecho delictual... | ||
| 501 | _aNo. 3. Prescripción. interrupción de la prescripción. | ||
| 501 | _aNo.4 Prescripción. Interrupción de la prescripción. | ||
| 501 | _aNo. 5. Prescripción sin título. | ||
| 501 | _a94. P. procedimiento- proceso. | ||
| 501 | _a95. P. prueba. | ||
| 501 | _a96. R. reapertura de debates. | ||
| 700 |
_aMatos, Omar , _eDiagramación _976831 |
||
| 942 |
_2ddc _cLF1 |
||
| 999 |
_c47783 _d47783 |
||